|
|
|
|
| LEADER |
00000cam a2200000 7i4500 |
| 001 |
0000019720 |
| 005 |
20211115.0 |
| 008 |
080618 |
| 020 |
|
|
|a 1582790302
|
| 090 |
0 |
0 |
|a 940.3
|b GRE
|
| 245 |
1 |
4 |
|a The great war :
|b the illustrated history of the first world war, volume VI
|c edited by H. W. Wilson and J. A. Hammerton
|
| 250 |
|
|
|a Volume 11, volume 12 & volume 13 in volume 6
|
| 260 |
|
|
|a USA :
|b Trident Press International ,
|c 1999
|
| 440 |
|
4 |
|a The great war : the illustrated history of the first world war
|
| 650 |
|
0 |
|a War
|x Victory at last
|
| 700 |
1 |
|
|a Hammerton, J. A
|
| 700 |
1 |
|
|a Wilson, H. W
|
| 999 |
|
|
|a 0000826146
|b Book
|c REFERENCE
|e Cawangan Segamat
|
| 999 |
|
|
|a 0001025550
|b Book
|c REFERENCE
|e Cawangan Urban Transformation Centre
|
| 999 |
|
|
|a 0001394999
|b Book
|c Adult Collection
|e Cawangan AEON Kulaijaya
|
| 999 |
|
|
|a 0001708700
|b Book
|c REFERENCE
|e Cawangan Sri Merlong
|